|
|
|
|
| LEADER |
00000nla2a2200000 4500 |
| 001 |
238457 |
| 005 |
20231031205140.0 |
| 035 |
|
|
|a (RuTPU)RU\TPU\book\259649
|
| 035 |
|
|
|a RU\TPU\book\259642
|
| 090 |
|
|
|a 238457
|
| 100 |
|
|
|a 20130527d2012 k y0rusy50 ca
|
| 101 |
0 |
|
|a rus
|g eng
|g rus
|
| 102 |
|
|
|a RU
|
| 105 |
|
|
|a y z 101zy
|
| 135 |
|
|
|a drcn ---uucaa
|
| 181 |
|
0 |
|a i
|
| 182 |
|
0 |
|a b
|
| 200 |
1 |
|
|a Получение 1-N-бензилиденмочевин
|b Электронный ресурс
|f Д. А. Шашкина
|g науч. рук. В. В. Штрыкова
|d 1-N-benzylideneurea obtaining
|
| 203 |
|
|
|a Текст
|c электронный
|
| 215 |
|
|
|a 1 файл(342 Кб)
|
| 225 |
1 |
|
|a Химия
|
| 230 |
|
|
|a Электронные текстовые данные (1 файл: 342 Кб)
|
| 300 |
|
|
|a Заглавие с экрана
|
| 320 |
|
|
|a [Библиогр.: с. 518 (2 назв.)]
|
| 330 |
|
|
|a Ureas have a big interest in chemical technology. Urea derivatives can be used as fertilizers, medicines and in organic synthesis. In our research we used urea to get 1-N-benzylideneureas, unknown up to now. As known, azomethines obtaining reaction goes relatively easy. In literature we found rapid and facile 1-Nbenzylideneurea obtaining way in mild conditions with a big yield. In future 1-N-benzylideneureas can be used for urea derivatives synthesis.
|
| 337 |
|
|
|a Adobe Reader
|
| 463 |
|
1 |
|0 (RuTPU)RU\TPU\book\256864
|t Перспективы развития фундаментальных наук
|l Prospects of fundamental sciences development
|o сборник научных трудов IX Международной конференция студентов и молодых ученых, г. Томск, 24-27 апреля 2012 г.
|f Национальный исследовательский Томский политехнический университет (ТПУ) ; ред. коллегия Е. А. Вайтулевич ; Г. А. Лямина ; Г. А. Воронова ; М. П. Никитич ; А. М. Лидер ; Ю. Р. Цой ; М. Е. Семенов
|v [С. 516-518]
|d 2012
|
| 510 |
1 |
|
|a 1-N-benzylideneurea obtaining
|z eng
|
| 610 |
1 |
|
|a электронный ресурс
|
| 610 |
1 |
|
|a труды учёных ТПУ
|
| 610 |
1 |
|
|a получение
|
| 610 |
1 |
|
|a бензилиденмочевины
|
| 610 |
1 |
|
|a азометины
|
| 610 |
1 |
|
|a медицина
|
| 700 |
|
1 |
|a Шашкина
|b Д. А.
|
| 702 |
|
1 |
|a Штрыкова
|b В. В.
|c химик
|c доцент Томского политехнического университета, кандидат химических наук
|f 1962-
|g Виктория Викторовна
|2 stltpush
|4 727
|
| 801 |
|
1 |
|a RU
|b 63413507
|c 20101016
|
| 801 |
|
2 |
|a RU
|b 63413507
|c 20131017
|g RCR
|
| 856 |
4 |
|
|u http://www.lib.tpu.ru/fulltext/c/2012/C21/173.pdf
|
| 942 |
|
|
|c CF
|